| 000 | 00715nam a2200241Ia 4500 | ||
|---|---|---|---|
| 003 | OSt | ||
| 005 | 20220928102223.0 | ||
| 006 | a|||||r|||| 00| 0 | ||
| 007 | ta | ||
| 008 | 220927b |||||||| |||| 00| 0 eng d | ||
| 024 | _a125399 | ||
| 037 |
_bGift, 17/12/2014, _cTextual |
||
| 040 |
_aSDCL _cSDCL _beng |
||
| 041 |
_2eng _aeng |
||
| 082 | _aV6:192'P, Q3 | ||
| 100 |
_aRay Nivedita Ed. _9397219 |
||
| 245 | 0 |
_aAfrica and India _b A partnership for development and growth |
|
| 260 |
_aNew Delhi _bIndian Council of World Affairs _c2013 |
||
| 300 |
_a148p. _ccm. |
||
| 650 |
_aGift _9391569 |
||
| 942 |
_hV6:192'P, Q3 _cTEXL _2CC |
||
| 999 |
_c713009 _d713009 |
||